000 002200000a22001090004500
082 0 4 _aCD 110
245 1 0 _aCuentos y caciones favoritas 1 y 2
260 _a: Zamora
440 0 _aMis Primeros
001 1964
942 _cLGB
999 _c49115
_d49115